000 00569nam a2200169Ia 4500
003 GCL
005 20240530101924.0
008 140319s9999 xx 000 0 ara d
040 _aGCL /
_cGCL
082 0 4 _a327.12
_bغ ا
100 _4غورديفسكى، اوليغ
245 1 0 _aالاستخبارات السوفياتية فى العالم 1990-1917
_cغورديفسكى، اوليغ
260 _aبيروت
_bدار الحقيقة للطباعة والنشر ،
_c1991
300 _a751 ص
700 _aهنادى السمرا
_eمترجم
942 _2ddc
_cBK
999 _c28734
_d28734